| 000 | 00679nam a2200205 i 4500 | ||
|---|---|---|---|
| 001 | 55501 | ||
| 003 | ES-MaACL | ||
| 007 | t| | ||
| 008 | 030922s1983 sp ||||1| spa d | ||
| 020 | _a84-7088-325-9 | ||
| 100 | 1 |
_aDerycke, Pierre-Henri. _943807 |
|
| 245 | 1 | 0 |
_aEconomía y planificación urbanas / _cPierre-Henri Derycke ; traducción de Pablo Pérez Jiménez. |
| 260 |
_aMadrid : _bInstituto de Estudios de Administración Local, _c1983. |
||
| 300 |
_a427 p. ; _c22 cm. |
||
| 490 | 1 |
_aNuevo urbanismo ; _v38 |
|
| 700 | 1 |
_aPérez Jiménez, Pablo. _990955 |
|
| 830 | 0 |
_aNuevo urbanismo ; _v38 _9181984 |
|
| 852 |
_aES-MaACL _jL-8743 _bR.108557 |
||
| 999 |
_c55501 _d55501 |
||